Catálogo

Vista normal Vista MARC

Entrada Personal Name

Número de registros utilizados en: 1

001 - CONTROL NUMBER

  • control field: 9940

003 - CONTROL NUMBER IDENTIFIER

  • control field: DLC

005 - DATE AND TIME OF LATEST TRANSACTION

  • control field: 20190911082916.0

008 - FIXED-LENGTH DATA ELEMENTS

  • fixed length control field: 930819n| acannaab| |a aaa c

010 ## - LIBRARY OF CONGRESS CONTROL NUMBER

  • LC control number: no 93024473

040 ## - CATALOGING SOURCE

  • Original cataloging agency: LU
  • Transcribing agency: Mx-PuUPA
  • Language of cataloging: spa
  • Modifying agency: Mx-PuUPA
  • Description conventions: rda

100 10 - HEADING--PERSONAL NAME

  • Personal name: Soulé, George,
  • Dates associated with a name: 1834-1926

372 ## - FIELD OF ACTIVITY

  • Field of activity: Economía

374 ## - OCCUPATION

  • Occupation: Autor

375 ## - GENDER

  • Gender: hombre

377 ## - ASSOCIATED LANGUAGE

  • Language code: eng

400 10 - SEE FROM TRACING--PERSONAL NAME

  • Personal name: Soulé, Geo.
  • Fuller form of name: (George),
  • Dates associated with a name: 1834-1926

670 ## - SOURCE DATA FOUND

  • Source citation: Soulé's philosophic practical mathematics, 1966:
  • Information found: t.p. (Geo. Soulé, LL.D.; founder of Soulé College in 1856) p. iv (George Soulé) front. (Geo. Soulé, 1834-1926)

670 ## - SOURCE DATA FOUND

  • Source citation: LC in OCLC, 8-18-93
  • Information found: (hdg.: Soulé, George, 1834-1926; usage: George Soulé)

670 ## - SOURCE DATA FOUND

  • Source citation: Introducción a la economía contemporánea, 1950:
  • Information found: t.p. (Geo. Soulé) portada